La masacre de el Tigre, Putumayo (Registro nro. 297364)
[ vista simple ]
| 000 -ENCABEZADO | |
|---|---|
| Número de control [NR] | 01141 a2200265 4500 |
| 005 - FECHA Y HORA DE LA ÚLTIMA TRANSACCIÓN | |
| control field | 20141021152820.0 |
| 008 - DE LONGITUD FIJA DE DATOS DE ELEMENTOS - INFORMACIÓN GENERAL | |
| Elementos de longitud fija [NR] | 141021s2010 ck a fr|||| 00| 0 spa d |
| 020 ## - NUMERO INTERNACIONAL NORMALIZADO PARA LIBROS [R] | |
| Número Internacional Normalizado del libro [NR] | 9789587583953 |
| 040 ## - FUENTE DE CATALOGACION [NR] | |
| Agencia de catalogación original [NR] | CO-BoUCM |
| Idioma de catalogación [NR] | spa |
| Quien Cataloga | Jose A. Gerena |
| Quien Clasifica | Jose A. Gerena |
| 041 0# - CODIGO DE IDIOMA [R] | |
| Código de idioma para texto/pista de sonido o título separado [R] | Español |
| 245 ## - MENCION DE TITULO [NR] | |
| Título [NR] | La masacre de el Tigre, Putumayo |
| Parte restante del título [NR] | un silencio que no encontró su voz |
| Mención de responsabilidad, etc. [NR] | Centro nacional de memoria histórica |
| 260 ## - PUBLICACION, DISTRIBUCION, ETC. (PIE DE IMPRENTA) [R] | |
| Nombre del editor, distribuidor, etc. [R] | Centro nacional de memoria histórica |
| Lugar de publicación, distribución, etc. [R] | Bogotá (Colombia) |
| Fecha de publicación, distribución, etc. [R] | 2010 |
| 300 ## - DESCRIPCION FISICA [R] | |
| Extensión [R] | 107 páginas |
| Otros detalles físicos [NR] | ilustraciones |
| 490 ## - MENCION DE SERIE [R] | |
| Mención de serie [R] | Pensamiento |
| 504 ## - NOTA DE BIBLIOGRAFIA, ETC. [R] | |
| Nota de bibliografía, etc. [NR] | Incluye referencias bibliográficas |
| 650 #7 - ASIENTO SECUNDARIO DE MATERIA - TERMINO TEMATICO [R] | |
| 9 (RLIN) | 19009 |
| Término temático o nombre geográfico como elemento de entrada [NR] | Masacres |
| Subdivisión geográfica [R] | El Tigre (Putumayo, Colombia) |
| 650 #7 - ASIENTO SECUNDARIO DE MATERIA - TERMINO TEMATICO [R] | |
| 9 (RLIN) | 21073 |
| Término temático o nombre geográfico como elemento de entrada [NR] | Paramilitarismo |
| Subdivisión geográfica [R] | El Tigre (Putumayo, Colombia) |
| 650 #7 - ASIENTO SECUNDARIO DE MATERIA - TERMINO TEMATICO [R] | |
| 9 (RLIN) | 13086 |
| Término temático o nombre geográfico como elemento de entrada [NR] | Desplazamiento forzado |
| Subdivisión geográfica [R] | El Tigre (Putumayo, Colombia) |
| 650 #7 - ASIENTO SECUNDARIO DE MATERIA - TERMINO TEMATICO [R] | |
| 9 (RLIN) | 46713 |
| Término temático o nombre geográfico como elemento de entrada [NR] | Víctimas de la violencia |
| Subdivisión geográfica [R] | El Tigre (Putumayo, Colombia) |
| 651 #4 - ASIENTO SECUNDARIO DE MATERIA - NOMBRE GEOGRAFICO [R] | |
| Nombre geográfico [NR] | Colombia |
| Subdivisión geográfica [R] | El Tigre (Putumayo) |
| Subdivisión general [R] | Condiciones sociales |
| 9 (RLIN) | 65476 |
| 690 ## - ASUNTO AGREGADO LOCAL DE ENTRADA - TÉRMINO TEMÁTICO (OCLC, RLIN) | |
| 9 (RLIN) | 42926 |
| Acceso temático local | Violencia |
| 710 2# - ASIENTO SECUNDARIO - NOMBRE CORPORATIVO [R] | |
| Nombre corporativo o de jurisdicción como elemento de entrada [NR] | Centro nacional de memoria histórica |
| 9 (RLIN) | 58167 |
| 942 ## - ELEMENTOS DE ENTRADA AGREGADOS (KOHA) | |
| Sistema de clasificación | DEWEY |
| Tema principal | Sociología |
| Tipo de ítem principal el descrito en 300a | Libro |
| Edición | 1 |
| Clasificación | 364.135 |
| Parte restante de la signatura top. | T568 |
| Fecha de último préstamo | Total préstamos | Total Renewals | Signatura topográfica | Código de barras | Última vez visto | Ejemplar | Costo de reposición | Price effective from | Tipo de ítem | Nota pública (OPAC) | Perdido | Sistema de clasificación | Dañado | No prestable | Tipo de ítem específico | Suprimido | Ubicación habitual | Ubicación actual | Localización | Fecha de creación | Proveedor | Forma de adquisición | Costo |
|---|---|---|---|---|---|---|---|---|---|---|---|---|---|---|---|---|---|---|---|---|---|---|---|
| 26/11/2019 | 2 | 2 | 364.135 T568 | 100143929 | 04/12/2025 | Ej.1 | 26000.00 | 21/10/2014 | Libro | Spot Criminología e Investigación Criminal | DEWEY | Libro | Claustro | Claustro | 3er piso | 21/10/2014 | 12 | Donación | 0.00 |